000 00334 a2200169 4500
001 192453
020 _a978-85-7153-218-2
040 _cMagnum
100 _aLago, Angela
240 1 0 _aA e i o u
_lpor
245 1 0 _aA e i o u
300 _a56
362 0 _a2008
440 1 _aRHJ
697 _aLITERATURA INFANTIL
942 _cBK
999 _c192453
_d192453